Fr. Conceicao Rodrigues College of Engineering

Better English Pronunciation (Record no. 35262)

MARC details
000 -LEADER
fixed length control field 00410nam a2200181Ia 4500
082 ## - DEWEY DECIMAL CLASSIFICATION NUMBER
Classification number 371.2
Item number CON
100 ## - MAIN ENTRY--PERSONAL NAME
Personal name Connor/J.D.O
250 ## - EDITION STATEMENT
Edition statement 2
245 ## - TITLE STATEMENT
Title Better English Pronunciation
260 ## - PUBLICATION, DISTRIBUTION, ETC.
Name of publisher, distributor, etc. Cambridge University Press
Date of publication, distribution, etc. 1980
366 ## - TRADE AVAILABILITY INFORMATION
Publishers's discount category 25
300 ## - PHYSICAL DESCRIPTION
Extent 150
546 ## - LANGUAGE NOTE
Language note ENGLISH
-- production
650 ## - SUBJECT ADDED ENTRY--TOPICAL TERM
Topical term or geographic name entry element Communication Skill
654 ## - SUBJECT ADDED ENTRY--FACETED TOPICAL TERMS
Focus term english pronunciation
942 ## - ADDED ENTRY ELEMENTS (KOHA)
Koha item type BOOK
Holdings
Withdrawn status Lost status Damaged status Not for loan Collection Home library Current library Date acquired Source of acquisition Cost, normal purchase price Inventory number Total Checkouts Full call number Barcode Date last seen Cost, replacement price Price effective from Koha item type
        CRC Fr. Agnel's C.Rodrigues College of Engineering Fr. Agnel's C.Rodrigues College of Engineering 17/03/2023 Allied Publishers 243.75 354 dt 30/04/2010   371.2 CON 20655 17/03/2023 325.00   BOOK